Green Transition and the Future of East African Community Member States' Investment Policy : Transforming Investment Policies for a Greener East Africa /

In Green Transition and the Future of East African Community Member States' Investment Policy , you embark on a vital journey through the pressing challenges and opportunities facing Burundi, Somalia, and South Sudan. This book answers critical research questions about how these nations can ali...

وصف كامل

محفوظ في:

المؤلف الرئيسي: Nyombi, Chrispas (مؤلف)

التنسيق: كتاب الكتروني

اللغة: English

منشور في: Leiden ; Boston : Brill | Nijhoff, 2026.

سلاسل: Brill Research Perspectives in International Law ; .
International Law E-books Online, Collection 2026.

الموضوعات:

الوصول للمادة أونلاين: Login to view Source

الوسوم: إضافة وسم

لا توجد وسوم, كن أول من يضع وسما على هذه التسجيلة!

رقم الطلب: KMC242

LEADER 02765nam a22004698i 4500
001 BRILL9789004759626
003 nllekb
005 20260324115026.0
006 m d
007 cr un uuuua
008 251218s2026 gw sb 001 0 eng d
020 |a 9789004759626  |q (electronic book) 
020 |z 9789004759619  |q (print) 
024 7 |a 10.1163/9789004759626  |2 DOI 
040 |a NL-LeKB  |c NL-LeKB  |e rda 
041 |a eng 
050 4 |a KMC242 
072 7 |a LAW  |x 051000  |2 bisacsh 
072 7 |a LB  |2 bicssc 
082 0 4 |a 346.53/607  |2 23 
245 1 0 |a Green Transition and the Future of East African Community Member States' Investment Policy :  |b Transforming Investment Policies for a Greener East Africa /  |c Chrispas Nyombi. 
246 3 |a Transforming Investment Policies for a Greener East Africa 
264 1 |a Leiden ;  |a Boston :  |b Brill | Nijhoff,  |c 2026. 
264 4 |c ©2026 
300 |a 1 online resource (169 pages) :  |b illustrations. 
336 |a text  |b txt  |2 rdacontent 
337 |a computer  |b c  |2 rdamedia 
338 |a online resource  |2 rdacarrier 
490 1 |a Brill Research Perspectives in International Law ;  |v  
490 1 |a International Law E-books Online, Collection 2026 
504 |a Includes bibliographical references and index. 
520 |a In Green Transition and the Future of East African Community Member States' Investment Policy , you embark on a vital journey through the pressing challenges and opportunities facing Burundi, Somalia, and South Sudan. This book answers critical research questions about how these nations can align their investment policies with sustainable development amidst climate change. You will discover actionable strategies, backed by rigorous analysis and real-world case studies, that empower policymakers and investors to foster resilience and growth. With unique insights into the intersection of climate vulnerability and investment, this book stands out as an essential resource for anyone committed to a sustainable future in the EAC region. Join us in shaping a greener tomorrow! See Less. 
546 |a English 
588 |a Description based on print version record. 
650 0 0 |a International Commercial, Trade & Investment Law. 
650 0 0 |a Environmental & Energy Law. 
100 1 |a Nyombi, Chrispas,  |e author. 
776 0 8 |i Print version:  |t Green Transition and the Future of East African Community Member States' Investment Policy : Transforming Investment Policies for a Greener East Africa.  |d Leiden ; Boston : Brill | Nijhoff,2026.  |z 9789004759619  
830 0 |a Brill Research Perspectives in International Law ;  |v . 
830 0 |a International Law E-books Online, Collection 2026. 
856 4 |z DOI:  |u http://dx.doi.org/10.1163/9789004759626 
999 |c 61987  |d 61987